World Economic Outlook, April 2008 : Housing and the Business Cycle.

The global expansion is losing speed in the face of a major financial crisis. The slowdown has been greatest in the advanced economies, particularly in the United States, where the housing market correction continues to exacerbate financial stress. The emerging and developing economies have so far b...

תיאור מלא

מידע ביבליוגרפי
מחבר תאגידי: International Monetary Fund. Research Dept
פורמט: כתב-עת
שפה:English
יצא לאור: Washington, D.C. : International Monetary Fund, 2008.
סדרה:World Economic Outlook; World Economic Outlook ; No. 2008/001
גישה מקוונת:Full text available on IMF
LEADER 02531cas a2200241 a 4500
001 AALejournalIMF015661
008 230101c9999 xx r poo 0 0eng d
020 |c 50.00 USD 
020 |z 9781589067196 
022 |a 0256-6877 
040 |a BD-DhAAL  |c BD-DhAAL 
110 2 |a International Monetary Fund.  |b Research Dept. 
245 1 0 |a World Economic Outlook, April 2008 :   |b Housing and the Business Cycle. 
264 1 |a Washington, D.C. :  |b International Monetary Fund,  |c 2008. 
300 |a 1 online resource (300 pages) 
490 1 |a World Economic Outlook 
500 |a <strong>Off-Campus Access:</strong> No User ID or Password Required 
500 |a <strong>On-Campus Access:</strong> No User ID or Password Required 
506 |a Electronic access restricted to authorized BRAC University faculty, staff and students 
520 3 |a The global expansion is losing speed in the face of a major financial crisis. The slowdown has been greatest in the advanced economies, particularly in the United States, where the housing market correction continues to exacerbate financial stress. The emerging and developing economies have so far been less affected by fi nancial market developments and have continued to grow at a rapid pace, led by China and India, although activity is beginning to slow in some countries. At the same time, headline infl ation has increased around the world, boosted by the continuing buoyancy of food and energy prices. Policymakers around the world are facing a diverse and fast-moving set of challenges, and although each country's circumstances differ, in an increasingly multipolar world it will be essential to meet these challenges broadly, taking full account of cross-border interactions. The World Economic Outlook (WEO) presents the IMF staff's analysis and projections of economic developments at the global level, in major country groups (classified by region, stage of development, et cetera), and in many individual countries. It focuses on major economic policy issues as well as on the analysis of economic developments and prospects. It is usually prepared twice a year, as documentation for meetings of the International Monetary and Financial Committee, and forms the main instrument of the IMF's global surveillance activities. 
538 |a Mode of access: Internet 
830 0 |a World Economic Outlook; World Economic Outlook ;  |v No. 2008/001 
856 4 0 |z Full text available on IMF  |u http://elibrary.imf.org/view/books/081/07980-9781589067196-en/07980-9781589067196-en-book.xml  |z IMF e-Library